| 000 | 00777cam a2200241 4500 | ||
|---|---|---|---|
| 001 | ABS62432 | ||
| 008 | 000000n2000 000 0 eng u | ||
| 035 | _a(Sirsi) u106749 | ||
| 100 | _aWatson, S. | ||
| 245 | 4 | _aThe lion's share | |
| 260 | _c2000 | ||
| 490 |
_aProperty Week _v65(24) 16 June 2000, 40-41(2) |
||
| 520 | _aDiscusses the successful struggles of developers to win planning permission on difficult historic sites in the City of London. | ||
| 590 | _aABS | ||
| 650 | _aCONSERVATION AREAS | ||
| 650 | _aCITY OF LONDON | ||
| 650 | _aLION PLAZA | ||
| 650 | _aHISTORIC BUILDINGS | ||
| 650 | _aTHORSTONE LAND & PROPERTY | ||
| 650 | _aDEVELOPMENT | ||
| 690 | _aBUILT ENVIRONMENT-BUILDING MAINTENANCE AND REFURBISHMENT-BUILDING CONSERVATION | ||
| 942 | _n0 | ||
| 999 |
_c63888 _d63888 |
||